ENCYCLOPEDIA OF QUANTITATIVE FINANCE I (Record no. 18404)

MARC details
000 -LEADER
fixed length control field 00305nam a2200121Ia 4500
008 - FIXED-LENGTH DATA ELEMENTS--GENERAL INFORMATION
fixed length control field 240624s9999 xx 000 0 und d
041 ## - LANGUAGE CODE
Language code of text/sound track or separate title eng
082 ## - DEWEY DECIMAL CLASSIFICATION NUMBER
Classification number 332.63 CON
100 ## - MAIN ENTRY--PERSONAL NAME
Personal name CONT RAMA
245 ## - TITLE STATEMENT
Title ENCYCLOPEDIA OF QUANTITATIVE FINANCE I
260 ## - PUBLICATION, DISTRIBUTION, ETC.
Date of publication, distribution, etc. 2010
Place of publication, distribution, etc. Sussex
Name of publisher, distributor, etc. John Wiley
-- Sons
365 ## - TRADE PRICE
Currency code
Price amount 27
Holdings
Withdrawn status Lost status Damaged status Not for loan Home library Current library Shelving location Date acquired Cost, normal purchase price Full call number Barcode Date last seen Copy number Price effective from Koha item type
        IMTN IMTN Rack 11-A 04/20/2012 1100.00 332.63 CON 18404 06/24/2024 1 06/24/2024 Books
Designed & Maintained by: LRC IMT Nagpur Contact: lrc@imtnag.ac.in© 2024. All Rights Reserved.